000 00693cam a2200145 4500500
005 20260208010424.0
041 _afre
042 _adc
100 1 0 _aShatzmiller, Joseph
_eauthor
245 0 0 _aSamantha KELLY, The New Solomon. Robert of Naples (1309-1343) and Fourteenth-Century Kingship, Leyde-Boston, Brill, 2004; 1 vol. in-8°, XVIII-339 p. (The Medieval Mediterranean. Peoples, Economies and Cultures, 400-1500, 48). ISBN : 90-04-12945-6. Prix : €95,00; USD 128.
260 _c2005.
500 _a6
786 0 _nLe Moyen Age | CXI | 2 | 2005-09-01 | p. LII-LII | 0027-2841
856 4 1 _uhttps://shs.cairn.info/revue-le-moyen-age-2005-2-page-LII?lang=fr&redirect-ssocas=7080
999 _c1656448
_d1656448